<?xml version="1.0" encoding="UTF-8"?>
<record
    xmlns:xsi="http://www.w3.org/2001/XMLSchema-instance"
    xsi:schemaLocation="http://www.loc.gov/MARC21/slim http://www.loc.gov/standards/marcxml/schema/MARC21slim.xsd"
    xmlns="http://www.loc.gov/MARC21/slim">

  <leader>02150nam a2200265 a 4500</leader>
  <controlfield tag="001"> </controlfield>
  <controlfield tag="003">DO-SdBNP</controlfield>
  <controlfield tag="005">20220218075755.0</controlfield>
  <controlfield tag="008">100205s2001    dr            001 0 spa d</controlfield>
  <datafield tag="040" ind1=" " ind2=" ">
    <subfield code="a">DO-SdBNP</subfield>
    <subfield code="b">spa</subfield>
    <subfield code="c">BPMSU</subfield>
  </datafield>
  <datafield tag="082" ind1=" " ind2=" ">
    <subfield code="a">330.97293</subfield>
    <subfield code="b">T266d 2001</subfield>
    <subfield code="2">22</subfield>
  </datafield>
  <datafield tag="100" ind1="1" ind2=" ">
    <subfield code="a">Tejera, Eduardo J.</subfield>
  </datafield>
  <datafield tag="245" ind1="1" ind2="0">
    <subfield code="a">Debate econ&#xF3;mico dominicano :</subfield>
    <subfield code="b">ensayos y art&#xED;culos 1997-2001 /</subfield>
    <subfield code="c">Eduardo J. Tejera.</subfield>
  </datafield>
  <datafield tag="260" ind1=" " ind2=" ">
    <subfield code="a">Santo Domingo :</subfield>
    <subfield code="b">Solar,</subfield>
    <subfield code="c">2001.</subfield>
  </datafield>
  <datafield tag="300" ind1=" " ind2=" ">
    <subfield code="a">281 p. ;</subfield>
    <subfield code="c">23 cm.</subfield>
  </datafield>
  <datafield tag="500" ind1=" " ind2=" ">
    <subfield code="a">Incluye datos biogr&#xE1;ficos del autor en la solapa de la cubierta</subfield>
  </datafield>
  <datafield tag="505" ind1="0" ind2=" ">
    <subfield code="a">A&#xF1;o 2001 -- Sugerencias sobre la reactivaci&#xF3;n econ&#xF3;mica -- El dilema de los bonos soberanos y el endeudamiento externo -- Dilemas de la pol&#xED;tica monetaria y crediticia -- El dilema fiscal de la econom&#xED;a -- Sobre el estado de la econom&#xED;a -- Historia de los recientes programas de ajustes econ&#xF3;micos /ensayo -- A&#xF1;o 2000 -- La nueva reforma monetaria y financiera -- Sugerencias sobre el mecanismo de reintegro de los impuestos al combustible de las plantas generadoras -- Reforma arancelaria y tributaria : una propuesta intermedia -- A&#xF1;o 1999 -- El momento de aprobar las reformas --A&#xF1;o 1998 -- La nueva reforma arancelaria y tributaria -- El dilema del proyecto de ley general de energ&#xED;a -- El significado de la nueva moneda El Euro para el sector privado dominicano / Charla -- El estado de la econom&#xED;a -- La importancia del turismo y sus problemas -- Reformas y/o di&#xE1;logo? -- Proyecto de ley de mercado de valores -- Desarrollo industrial y agropecuario -- A&#xF1;o 1997 -- Que las reformas econ&#xF3;micas no se detengan -- Requisitos para la globalizaci&#xF3;n -- Retomando la pol&#xED;tica econ&#xF3;mica -- Todo est&#xE1; en venta: las virtudes y l&#xED;mites del mercado.</subfield>
  </datafield>
  <datafield tag="590" ind1=" " ind2=" ">
    <subfield code="a">Inventariado, 2022/VM</subfield>
  </datafield>
  <datafield tag="650" ind1=" " ind2="4">
    <subfield code="a">Pol&#xED;tica monetaria</subfield>
    <subfield code="z">Rep&#xFA;blica Dominicana</subfield>
    <subfield code="x">Ensayos, conferencias, etc.</subfield>
  </datafield>
  <datafield tag="650" ind1=" " ind2="4">
    <subfield code="a">Reforma arancelaria</subfield>
    <subfield code="x">Ensayos, conferencias, etc.</subfield>
  </datafield>
  <datafield tag="651" ind1=" " ind2="4">
    <subfield code="a">Rep&#xFA;blica Dominicana</subfield>
    <subfield code="x">Condiciones econ&#xF3;micas</subfield>
    <subfield code="x">Ensayos, conferencias, etc.</subfield>
  </datafield>
  <datafield tag="651" ind1=" " ind2="4">
    <subfield code="a">Rep&#xFA;blica Dominicana</subfield>
    <subfield code="x">Pol&#xED;tica econ&#xF3;mica</subfield>
    <subfield code="x">Ensayos, conferencias, etc.</subfield>
  </datafield>
  <datafield tag="910" ind1=" " ind2=" ">
    <subfield code="a">VMateo V.</subfield>
  </datafield>
  <datafield tag="942" ind1=" " ind2=" ">
    <subfield code="2">ddc</subfield>
    <subfield code="c">BK</subfield>
  </datafield>
  <datafield tag="952" ind1=" " ind2=" ">
    <subfield code="0">0</subfield>
    <subfield code="1">0</subfield>
    <subfield code="2">ddc</subfield>
    <subfield code="4">0</subfield>
    <subfield code="7">0</subfield>
    <subfield code="8">CD</subfield>
    <subfield code="a">BPMET</subfield>
    <subfield code="b">BPMET</subfield>
    <subfield code="d">2022-02-18</subfield>
    <subfield code="l">0</subfield>
    <subfield code="o">BPMSU CD 330.97293 T266d 2001</subfield>
    <subfield code="p">BPMSU22020051</subfield>
    <subfield code="r">2022-02-18</subfield>
    <subfield code="w">2022-02-18</subfield>
    <subfield code="y">BK</subfield>
  </datafield>
  <datafield tag="999" ind1=" " ind2=" ">
    <subfield code="c">14041</subfield>
    <subfield code="d">14041</subfield>
  </datafield>
</record>
